000 00290nam a22001337a 4500
008 181122b xxu||||| |||| 00| 0 eng d
020 _a2900073379783
041 _aeng
080 _a910
100 _a42
101 _aGEO
245 _aThe Midle East
_cWilliam.J.S
942 _2udc
_cBK
999 _c52328
_d52328